| 000 | 01675nam a2200517 i 4500 | ||
|---|---|---|---|
| 001 | 37845 | ||
| 003 | KOSZ 005 | ||
| 005 | 20200529120201.0 | ||
| 008 | 981202s1998 pl a f |000 0 pol | ||
| 015 | _aUWD 1999/1745 | ||
| 020 | _a8386272783 | ||
| 035 | _a991008418329705066 | ||
| 035 | _a(PL-WaBN)b12173496-48omnis_nlop | ||
| 035 | _ab12173496 | ||
| 035 | _a(OCoLC)749342235 | ||
| 035 | _a(PL)b0000001217349 | ||
| 035 | _a(EXLNZ-48OMNIS_NETWORK)9910011784605606 | ||
| 040 |
_aWA N _cWA N _dKOSZ 005/HR |
||
| 041 | 0 | _apol | |
| 046 | _k1998 | ||
| 080 | _a624.014.2 | ||
| 080 | _a624.04 | ||
| 100 | 1 |
_aBródka, Jan _d(1929- ) _eAutor |
|
| 245 | 1 | 0 |
_aSztywność i nośność ram stężonych o węzłach podatnych / _cJan Bródka, Waldemar Cwalina. |
| 260 |
_aBiałystok : _bPolitechnika Białostocka, _c1998. |
||
| 300 |
_a318 s. : _b1 fot., rys., wykr. ; _c23 cm. |
||
| 336 |
_aTekst _btxt _2rdacontent |
||
| 337 |
_aBez urządzenia pośredniczącego _bn _2rdamedia |
||
| 338 |
_aWolumin _bnc _2rdacarrier |
||
| 380 | _aKsiążki | ||
| 380 | _aPublikacje naukowe | ||
| 388 | _a1901-2000 | ||
| 388 | _a1989-2000 | ||
| 504 | _aBibliogr. s. 304-318. | ||
| 650 | 7 |
_aKonstrukcje stalowe _2DBN |
|
| 650 | 7 |
_aMechanika budowli _2DBN |
|
| 650 | 7 |
_aPołączenia konstrukcyjne _2DBN |
|
| 650 | 7 |
_aPręty _2DBN |
|
| 650 | 7 | _aRamy | |
| 650 | 7 |
_aStateczność _2DBN |
|
| 658 | _aArchitektura i budownictwo | ||
| 700 | 1 |
_aCwalina, Waldemar _eAutor |
|
| 856 |
_uhttp://koha.tu.koszalin.pl/cgi-bin/koha/opac-detail.pl?biblionumber=37845 _zKatalog online BPK |
||
| 942 |
_2UKD _cKS |
||
| 999 |
_c37845 _d37845 |
||